000 01389nam a2200337 i 4500
001 000045501
003 DO-SdBNP
005 20240305123709.0
006 a||||gr|||| 00| 0
007 ta
008 150410s1988 dr bc 000 0 spa d
040 _aDO-SdBNP
_bspa
_cBNPHU
_erda
041 1 7 _aspa
_aeng
082 4 _222
_bB333r
100 1 _aBatista, Domingo,
_956792
_eautor
245 1 3 _aLa República Dominicana tesoro del Caribe = The Dominican Republic a Caribbean treausre. /
_cDomingo Batista, Julio González; fotografías submarinas Pedro J. Borrell; traducción Francia A. de Batista; presentación Alejandro E. Grullón E.
246 1 1 _aThe Dominican Republic a Caribbean treasure.
264 1 _aSantiago de los Caballeros :
_bAmigo del hogar,
_c1988
300 _a205 páginas :
_bIlustraciones, retratos. ;
_c32 cm.
336 _2rdacontent
_atexto
_btxt
337 _2rdamedia
_asin mediación
_bn
338 _2rdacarrier
_avolumen
_bnc
500 _aIncluye datos biográficos de los autores en las páginas 202 - 204
500 _aIncluye índice de fotografías páginas 195 - 201.
546 _aLibro en idiomas español e inglés.
590 _aInventariado 2023 / MF
700 1 _aGonzález, Julio,
_922913
_eautor
700 1 _aBorrell B., Pedro J.,
_d1944-
_efotografías
_966970
700 1 _aBatista, Francia A. de,
_etraductor
_943008
942 _2ddc
_cLBS1
999 _c44990
_d44990